000 02743cab a2200529 4500
001 ABS55647
008 090401t1996 xxu||||| |||| 00| 0 eng d
035 _a(Sirsi) u17762
041 _aeng
100 _aKnowles, R.
245 _aDevelopments in law relating to arbitration
260 _c1996
350 _a0
490 _aArbitration
_v62(3) August 1996, 188-195(8)
520 _aA round up of recent arbitration case law dealing with incorporation of arbitration agreements "Alfred McAlpine Construction Ltd v RMG Electrical" 1994, professional misconduct "Amego Litho Ltd v Scanway Ltd" 1994 and "Mount Charlotte Investments plc v Prudential Assurance" 1995, joinder clauses "Erith Contractors v Costain Civil Engineering Ltd" 1993 and "M J Gleeson v Wyatt of Snetteron" 1994, extension of time limits "Crown Estates Commissioners v John Mowlem and Co Ltd" 1994, date of appointment "Robinson v Moody" 1994 and award of costs "Preston Homes (Dorset) Ltd v L Sephton" 1995.
650 _aALFRED MCALPINE CONSTRUCTION LTD V R M G ELECTRICAL
650 _aAMEGO LITHO LTD V SCANWAY LTD
650 _aARBITRATION ACT 1996
650 _aMANAGEMENT-DISPUTE AVOIDANCE, MANAGEMENT AND RESOLUTION-DISPUTE MANAGEMENT AND RESOLUTION-ARBITRATION
650 _aAUGHTON V M F KENT SERVICES LTD
650 _aBEN BARRETT & SON (BRICKWORK) LTD V HENRY BOOT MANAGEMENT
650 _aCHRISTAINI AND NIELSON LTD V BIRMINGHAM CC
650 _aCO-OPERATIVE SHOLESALE SOCIETY LTD V BIRSE CONSTRUCTION LT
650 _aCO-OPERATIVE WHOLESALE SOCIETY LTD V SAUNDERS AND TAYLOR
650 _aCOSTS
650 _aCRUDEN CONSTRUCTION LTD V COMMISION FOR THE NEW TOWNS
650 _aD F MONEY V HENRY BOOT CONSTRUCTION LTD
650 _aERITH CONTRACTORS V COSTAIN CIVIL ENGNEERING LTD
650 _aEXTENSION OF TIME
650 _aFAIRCLOUGH BUILDING LTD V VALE OF BELVOIR
650 _aGORDON DURHAM AND CO V HADEN YOUNG
650 _aGRABOURKE V LAING INVESTMENTS (BRACKNELL) LTD
650 _aHANDLEY V NATIONWIDE
650 _aJAMES R MORTON V BROADWAY DEVELOPMENTS
650 _aLOFFICE CHERIFEN DES PHOSPHATES UNITRAMP SA (THE BOUCRAA)
650 _aM J GLEESON GROUP PLC V WYATT OF SNETTERTON LTD
650 _aMISCONDUCT
650 _aMOUNT CHARLOTTE INVESTMENTS PLC V PRUDENTIAL ASSURANCE
650 _aPRESTON HOMES (DORSET) LTD V L SEPHTON
650 _aROBINSON V MOODY
650 _aTOPSHOPS ESTATES V DANMO
650 _aTRAFALGAR HOUSE CONSTRUCTION (REGIONS) LTD V RAILTRACK PLC
650 _aYAMASHITA V SHINNIHON STEAMSHIP CO LTD
690 _aMANAGEMENT-DISPUTE AVOIDANCE, MANAGEMENT AND RESOLUTION-DISPUTE MANAGEMENT AND RESOLUTION-ARBITRATION
942 _n0
948 _c04/03/1997
999 _c11781
_d11781